000 00406nam a22001697a 4500
003 MPLRDC
005 20220104143118.0
008 210129b ||||| |||| 00| 0 eng d
082 _a942.1 CDZ
100 _a程道中编著
245 _a书法常识浅谈
_c
250 _a初版
260 _a
_b马来西亚书艺协会
_c1990
300 _b
650 _a书体; 笔法
942 _cBK
_o942.1 CDZ
999 _c36740
_d36730